=LDR 00000nam 2200000 4500 =001 INLIS000000000007520 =005 20200429125608 =035 ##$$a 0010-061300000007520 =008 200429################g##########0#ind## =041 ##$$a Ind =082 ##$$a 2x3.9 =090 ##$$a 8x3.9, Nat i =100 ##$$a Natsir, M =245 1#$$a Islam dan kristen di Indonesia : $b Kumpulan karangan dihimpun dan disusun oleh Endang Syaifuddin Anshari /$c M. Natsir =260 ##$$a Jakarta :$b Media Da'wah,$c 1969. =300 ##$$a 293 hlm., ; $c 21 X 14 cm. =650 #4$$a Islam dan Kristen =850 ##$$a NBPNMAT =084 ##$$a 2x3.9 NAT i =990 ##$$a DW00026364 =990 ##$$a 95.073 pro.96